Macroeconomics: (Record no. 9117)
[ view plain ]
| 000 -LEADER | |
|---|---|
| fixed length control field | 00486nam a22001817a 4500 |
| 003 - CONTROL NUMBER IDENTIFIER | |
| control field | OSt |
| 005 - DATE AND TIME OF LATEST TRANSACTION | |
| control field | 20240709130447.0 |
| 008 - FIXED-LENGTH DATA ELEMENTS--GENERAL INFORMATION | |
| fixed length control field | 240709b |||||||| |||| 00| 0 eng d |
| 020 ## - INTERNATIONAL STANDARD BOOK NUMBER | |
| International Standard Book Number | 0130116149 |
| 040 ## - CATALOGING SOURCE | |
| Transcribing agency | MUST |
| 082 ## - DEWEY DECIMAL CLASSIFICATION NUMBER | |
| Classification number | 339 JAM 2000 |
| 100 ## - MAIN ENTRY--PERSONAL NAME | |
| Personal name | James, Elijah M |
| 9 (RLIN) | 18518 |
| 245 ## - TITLE STATEMENT | |
| Title | Macroeconomics: |
| Remainder of title | a problem-solving approach |
| Statement of responsibility, etc. | Elijah M James |
| 300 ## - PHYSICAL DESCRIPTION | |
| Extent | xxv,660p. |
| Other physical details | ill. |
| Dimensions | 25cm |
| 504 ## - BIBLIOGRAPHY, ETC. NOTE | |
| Bibliography, etc | includes glossary and index |
| 650 ## - SUBJECT ADDED ENTRY--TOPICAL TERM | |
| Source of heading or term | Macroeconomics |
| 942 ## - ADDED ENTRY ELEMENTS (KOHA) | |
| Source of classification or shelving scheme | Dewey Decimal Classification |
| Koha item type | Open Shelf |
| Withdrawn status | Lost status | Source of classification or shelving scheme | Damaged status | Not for loan | Home library | Current library | Date acquired | Source of acquisition | Inventory number | Total Checkouts | Full call number | Barcode | Date last seen | Price effective from | Koha item type |
|---|---|---|---|---|---|---|---|---|---|---|---|---|---|---|---|
| Dewey Decimal Classification | MUST Main Library | MUST Main Library | 09/07/2024 | Purchase | 05/24140 | 339 JAM 2000 | 2024-21871 | 09/07/2024 | 09/07/2024 | Open Shelf | |||||
| Dewey Decimal Classification | MUST Main Library | MUST Main Library | 24/07/2024 | Purchase | 05/24138 | 339 JAM 2000 | 2024-22190 | 24/07/2024 | 24/07/2024 | Open Shelf |
